000 00352 a2200157 4500
001 187223
020 _a85-86740-29-2
040 _cMagnum
100 _aRodrigues, Eustaquio
240 1 0 _aA criança e seus direitos
_lpor
245 1 0 _aA criança e seus direitos
300 _a24
362 0 _a1998
697 _aLITERATURA INFANTIL
942 _cBK
999 _c187223
_d187223